Antennas (Record no. 17950)

MARC details
000 -LEADER
fixed length control field 00635nam a2200205Ia 4500
003 - CONTROL NUMBER IDENTIFIER
control field IN-BaIIA
008 - FIXED-LENGTH DATA ELEMENTS--GENERAL INFORMATION
fixed length control field 211028s9999 xx 000 0 eng d
020 ## - INTERNATIONAL STANDARD BOOK NUMBER
International Standard Book Number 978-0-470-51028-5
040 ## - CATALOGING SOURCE
Transcribing agency IIA Library
080 ## - UNIVERSAL DECIMAL CLASSIFICATION NUMBER
Universal Decimal Classification number 621.396.67
Item number HUA
100 ## - MAIN ENTRY--PERSONAL NAME
Personal name Huang, Yi
9 (RLIN) 34155
245 #0 - TITLE STATEMENT
Title Antennas
Remainder of title from theory to practice
Statement of responsibility, etc. Yi Huang and Kevin Boyle
260 ## - PUBLICATION, DISTRIBUTION, ETC.
Place of publication, distribution, etc. West Sussex
Name of publisher, distributor, etc. John Wiley & Sons
Date of publication, distribution, etc. 2008
300 ## - PHYSICAL DESCRIPTION
Extent xiv, 363p.
650 ## - SUBJECT ADDED ENTRY--TOPICAL TERM
Topical term or geographic name entry element Antenna basics
9 (RLIN) 34156
650 ## - SUBJECT ADDED ENTRY--TOPICAL TERM
Topical term or geographic name entry element Electronics
9 (RLIN) 1576
650 ## - SUBJECT ADDED ENTRY--TOPICAL TERM
Topical term or geographic name entry element Radio communications
9 (RLIN) 34157
700 ## - ADDED ENTRY--PERSONAL NAME
Personal name Boyle, Kevin
9 (RLIN) 34158
942 ## - ADDED ENTRY ELEMENTS (KOHA)
Koha item type Books
Holdings
Withdrawn status Lost status Damaged status Not for loan Home library Current library Shelving location Date acquired Source of acquisition Cost, normal purchase price Total Checkouts Full call number Barcode Date last seen Cost, replacement price Price effective from Koha item type Purchase Price
        IIA Library-Bangalore IIA Library-Bangalore General Stacks 27/01/2011 INT 5166.00   621.396.67/ HUA 18872 05/11/2021 5166.00 27/01/2011 Books Rs. 5166.00

Powered by Koha